⚡Flash⚡ Países de Sudamérica - Estadísticas

Estadísticas generales
  • Esta prueba ha sido intentada 485 veces
  • La puntuación promedio es 10 de 13
Estadísticas de respuestas
País % Correcto
Argentina
94%
Brasil
88%
Colombia
85%
Perú
82%
Uruguay
82%
Venezuela
82%
Chile
80%
Paraguay
79%
Ecuador
78%
Bolivia
77%
Surinam
70%
Guyana
63%
Trinidad y Tobago
9%
No se encontraron pruebas coincidentes
Distribución de puntuación
Porcentaje de gente con cada puntuación
Porcentaje por número respondido
Historial de tus puntuaciones
No has intentado esta prueba.